| 000 | 00555nam a22002057a 4500 | ||
|---|---|---|---|
| 003 | OSt | ||
| 005 | 20220125102817.0 | ||
| 008 | 220125b |||||||| |||| 00| 0 eng d | ||
| 020 | _a9781464109621 | ||
| 040 | _aSEKU | ||
| 050 |
_aQD 415 _b.L4 2008 |
||
| 100 | _4Lehninger, Albert L. | ||
| 245 | _aLehninger principles of biochemistry | ||
| 250 | _a4th ed. | ||
| 260 |
_aNew York : _bW.H. Freeman, _c2017. |
||
| 300 | _a (various pagings) : | ||
| 504 | _aIncludes bibliographical references and index. | ||
| 650 | _aBiochemistry | ||
| 942 |
_2lcc _cGEN |
||
| 999 |
_c18074 _d18074 |
||